Statistics for Random Geography by Letter - C

Click here to take the quiz!

General Stats

  • This quiz has been taken 92 times
  • The average score is 12 of 18

Answer Stats

HintAnswer% Correct
Southernmost region in mainland ItalyCalabria
100%
French city closest to BritainCalais
100%
Country where Khmer is the official languageCambodia
100%
World's second largest countryCanada
100%
Capital of AustraliaCanberra
100%
City on the Riviera with a famous film festivalCannes
100%
Subdivision of SwitzerlandCanton
100%
Cape near the southern tip of South AmericaCape Horn
100%
Southernmost city in AfricaCape Town
100%
Capital of VenezuelaCaracas
100%
Capital of WalesCardiff
100%
Study and construction of mapsCartography
100%
Largest city in MoroccoCasablanca
100%
World's biggest inland seaCaspian Sea
100%
Neuschwanstein and Balmoral, for exampleCastle
100%
Its capital is BanguiCentral African Republic
100%
Former name of Sri LankaCeylon
100%
French region famous for sparkling wineChampagne
100%
Tunnel connecting the UK with FranceChannel Tunnel
100%
Largest airport in ParisCharles de Gaulle
100%
French word for a castle or manor houseChâteau
100%
Gozny is the capital of this war-torn Russian RepublicChechnya
100%
Ghost city in Ukraine, site of a 1986 nuclear disasterChernobyl
100%
Flower celebrated by the
Japanese, who call it sakura
Cherry Blossom
100%
World's most populous countryChina
100%
Capital of MoldovaChișinău
100%
Second largest city in New ZealandChristchurch
100%
Island owned by Australia, also a holidayChristmas Island
100%
Hello or goodbye, in ItalianCiao
100%
Country where Shakira was bornColombia
100%
A territory under the immediate complete
political control of a sovereign state
Colony
100%
Rome's largest amphitheatreColosseum
100%
"Ism" promoted by Karl MarxCommunism
100%
Italian lake for the rich and famousComo
100%
Capital of New HampshireConcord
100%
Former name of IstanbulConstantinople
100%
Asia or Africa, for exampleContinent
100%
Capital of DenmarkCopenhagen
100%
The Christian community of EgyptCopts
100%
Biggest city in southwest IrelandCork
100%
Island where Napoleon was bornCorsica
100%
Ivory Coast in FrenchCôte d'Ivoire
100%
The word "stan" means this in the Persian languageCountry
100%
Island of the Minoan CivilizationCrete
100%
India's most popular sportCricket
100%
Peninsula that juts into
the Black Sea, seized by Russia
Crimea
100%
Island divided between Turkish and Greek factionsCyprus
100%
Central American countryCosta Rica
75%
Second largest city in the PhilippinesCebu
67%
Ohio city on Lake ErieCleveland
67%
Country in the BalkansCroatia
67%
Landlocked European countryCzech Republic
67%
Most populous city in northern AfricaCairo
50%
Former name of KolkataCalcutta
50%
City in England whose university was founded in 1209Cambridge
50%
Resort city on the Yucatan peninsulaCancún
50%
Mountain range that surrounds TransylvaniaCarpathian
50%
Capital of NevadaCarson City
50%
Capital of Saint LuciaCastries
50%
These underground chambers hold
the remains of six million people
Catacombs
50%
Tallest mountain in EgyptCatherine
50%
Former name of the island of SulawesiCelebes
50%
Indian city formerly called MadrasChennai
50%
Mexican state, also a type of dogChihuahua
50%
White sight at DoverCliff
50%
Tallest tower in TorontoCN Tower
50%
Largest city in OhioColumbus
50%
Largest river in Africa by dischargeCongo
50%
Celtic county in EnglandCornwall
50%
Russian alphabetCyrillic
50%
British territory in North AmericaCayman Islands
33%
Capital of West VirginiaCharleston
33%
Capital of Sichuan in southwest ChinaChengdu
33%
New Zealand StraitCook
33%
Sea that touches 25 different countriesCaribbean
25%
Large underground chamberCave
25%
Most populous city in North CarolinaCharlotte
25%
Largest city on the Italian island of SardiniaCagliari
0%
Louisiana ethnic group of Acadian FrenchCajuns
0%
Roman name for ScotlandCaledonia
0%
Major city in AlbertaCalgary
0%
Most populous state in the U.S.California
0%
Its capital is NaplesCampania
0%
Capital of Italy's MoliseCampobasso
0%
Often found in Venice filled with GondolasCanal
0%
Spanish island chain off the Moroccan coastCanary Islands
0%
Resort city on the Yucatan peninsulaCancun
0%
3rd most populous NZ regionCanterbury
0%
Southern Chinese dialectCantonese
0%
Slang term for CanadianCanuck
0%
Gorge, for example: Grand ______Canyon
0%
Westernmost country in AfricaCape Verde
0%
Northernmost point on the Australian mainlandCape York
0%
Historical region in Central AnatoliaCappadocia
0%
Ancient city near modern-day TunisCarthage
0%
Volcanic mountain range stretching from Oregon to B.C.Cascades
0%
Autonomous region of northeast SpainCatalonia
0%
Largest branch of ChristianityCatholicism
0%
Mountain range that divides Europe and AsiaCaucasus
0%
Capital of French GuianaCayenne
0%
Brazilian stateCeará
0%
Its flag is identical to Romania'sChad
0%
Largest city in Trinidad and TobagoChaguanas
0%
Lake between Vermont, Quebec, and New YorkChamplain
0%
Capital of Prince Edward IslandCharlottetown
0%
Fourth most populous city in TennesseeChattanooga
0%
Fastest land animal in the worldCheetah
0%
Most populous Native American tribeCherokee
0%
Ocean bay of Virginia and MarylandChesapeake
0%
Capital of WyomingCheyenne
0%
Largest city in Northern ThailandChiang Mai
0%
Southernmost state in MexicoChiapas
0%
"The Windy City"Chicago
0%
Mexican Wonder of the WorldChichen Itza
0%
Country that is over 2,600 miles north-to-southChile
0%
Second largest city in BangladeshChittagong
0%
Provisional capital of China during WWIIChongqing
0%
Where "WKRP" took placeCincinnati
0%
Largest city in TransylvaniaCluj-Napoca
0%
Köln in EnglishCologne
0%
Largest city in Sri LankaColombo
0%
River that flows through the Grand CanyonColorado
0%
African island nation in the Indian OceanComoros
0%
NWA came out of this cityCompton
0%
Capital of GuineaConakry
0%
New England stateConnecticut
0%
Term for an Egyptian ChristianCopt
0%
Second largest city in ArgentinaCórdoba
0%
Texas city whose name means "Body of Christ"Corpus Christi
0%
Largest city in BeninCotonou
0%
Bronx or Los Angeles, for exampleCounty
0%
Notable feature of the Liberty BellCrack
0%
Large, roughly circular holeCrater
0%
Object that appears on the flags of Turkey and PakistanCrescent
0%
The thin shell of solid material
that is the Earth's outermost layer
Crust
0%
Country once ruled by Fidel CastroCuba
0%
Dutch territoryCuraçao
0%

Score Distribution

Percentile by Number Answered

Percent of People with Each Score

Your Score History

You have not taken this quiz